|
|
|
|
| LEADER |
00000nam0a2200000 4500 |
| 001 |
294319 |
| 005 |
20231102000702.0 |
| 020 |
|
|
|a RU
|b 84-11494
|
| 035 |
|
|
|a (RuTPU)RU\TPU\book\319374
|
| 090 |
|
|
|a 294319
|
| 100 |
|
|
|a 20150513d1984 km y0rusy5003 ca
|
| 101 |
0 |
|
|a rus
|
| 102 |
|
|
|a RU
|
| 105 |
|
|
|a y z 001zy
|
| 200 |
1 |
|
|a Эволюция торговой стратегии империализма и развивающиеся страны
|f С. А. Отрешко
|
| 210 |
|
|
|a Москва
|d 1984
|c Международные отношения
|
| 215 |
|
|
|a 198 с.
|
| 320 |
|
|
|a Библиогр.: с. 191-198
|
| 606 |
1 |
|
|a Экономические связи социалистических стран с капиталистическими
|2 stltpush
|3 (RuTPU)RU\TPU\subj\26606
|9 50496
|
| 610 |
1 |
|
|a внешняя торговля
|
| 610 |
1 |
|
|a протекционизм
|
| 610 |
1 |
|
|a развивающиеся страны
|
| 610 |
1 |
|
|a экономические связи
|
| 610 |
1 |
|
|a 20 век
|
| 610 |
1 |
|
|a противоречия
|
| 610 |
1 |
|
|a торговая политика
|
| 610 |
1 |
|
|a международное разделение труда
|
| 610 |
1 |
|
|a конкуренция
|
| 610 |
1 |
|
|a промышленные товары
|
| 610 |
1 |
|
|a торговая система
|
| 610 |
1 |
|
|a перестройка
|
| 686 |
|
|
|a У580.5
|2 rubbk
|
| 700 |
|
1 |
|a Отрешко
|b С. А.
|g Станислав Андреевич
|4 070
|
| 801 |
|
0 |
|a RU
|b RuMRKP
|c 19950704
|g psbo
|
| 801 |
|
1 |
|a RU
|b 63413507
|c 20150513
|
| 801 |
|
2 |
|a RU
|b 63413507
|c 20181121
|g RCR
|
| 942 |
|
|
|c BK
|